Z Nižnej Slanej

Bibliographic Details
Format: Article
Language:Slovak
Subjects:

MARC

LEADER 00000nab a2200000 a 4500
001 vtls001013217
003 SK-MaSNL
005 20260304000331.0
008 040720e19340101xo 0 slo
035 |a RVS75 
040 |a RVGKPD  |b slo  |c RVGKPD  |e AACR2 
041 0 |a slo 
044 |a xo  |c SK 
080 |a 727.1  |2 1981 
245 0 0 |a Z Nižnej Slanej 
518 |a 21.05.1934 
650 0 7 |a školy ľudové obecné  |2 RVGKPD  |9 1028432 
650 0 7 |a školské budovy  |2 RVGKPD  |9 2986 
651 7 |a Nižná Slaná (Slovensko)  |2 RVGKPD  |9 29467 
655 7 |a periodikum  |2 snkbucl  |9 29553 
773 0 8 |t Šafárikov kraj  |g Roč. 3, č.23, 2.6.1934, s. 4 
852 |a ZVYKNI  |b KIS3GCP 
999 |c 2530787  |d 2532717